000
00349 a2200169 4500
001
184018
020
_a
978-85-16-06304-7
040
_c
Magnum
100
_a
Rocha, Ruth
240
1
0
_a
O amigo do rei
_l
por
245
1
0
_a
O amigo do rei
300
_a
32
362
0
_a
2009
440
1
_a
Salamandra
697
_a
LITERATURA INFANTO
942
_c
BK
999
_c
184018
_d
184018